STN EN 81-58: 2023 (27 4003), Bezpečnostné pravidlá na konštrukciu a montáž výťahov. Prehliadky a skúšky Časť 58 Skúšanie požiarnej odolnosti šachtových dverí
Táto slovenská technická norma je slovenskou verziou európskej normy EN 81-58: 2022. Preklad zabezpečil Úrad pre normalizáciu, metrológiu a skúšobníctvo Slovenskej republiky. STN EN 81-58 má rovnaké postavenie, ako majú oficiálne verzie
| Ďalší autori: | |
|---|---|
| Médium: | Kniha |
| Jazyk: | slovenčina angličtina |
| Fyzický popis: | 32 strán diagramy, obrázky, schémy, tabuľky, vzorce 30 cm |
| Vydavateľské údaje: |
Bratislava
Úrad pre normalizáciu, metrológiu a skúšobníctvo Slovenskej republiky
2023
|
| Predmet: |
MARC
| LEADER | 00000cam a2200000 a 4500 | ||
|---|---|---|---|
| 001 | vtls012195158 | ||
| 003 | SK-MaSNL | ||
| 005 | 20260302042202.0 | ||
| 008 | 230206s2023 xo dal frnu 000 0 slo | ||
| 015 | |a SNBN2024 | ||
| 040 | |a SNK |b slo |c SNK |e AACR2 | ||
| 041 | 1 | |a slo |h eng | |
| 044 | |a xo |c SK | ||
| 046 | |a s |m 20230201 (účin.) | ||
| 072 | 7 | |a 621 |x Strojárstvo |2 konspekt | |
| 072 | 7 | |a 331 |x Práca |2 konspekt | |
| 072 | 7 | |a 614.84 |x Požiare. Ochrana pred požiarmi |2 konspekt | |
| 080 | |a 621.876 |2 2011 | ||
| 080 | |a 006.7/.8 |2 2011 | ||
| 080 | |a (437.6) |2 2011 | ||
| 080 | |a (4) |2 2011 | ||
| 080 | |a 331.45 |2 2011 | ||
| 080 | |a 614.84 |2 2011 | ||
| 084 | |a 12.220.20 |2 ICS | ||
| 084 | |a 91.140.90 |2 ICS | ||
| 130 | 0 | |a STN 27 4003 (STN EN 81-58) |9 500401 | |
| 245 | 1 | 0 | |a STN EN 81-58: 2023 (27 4003), Bezpečnostné pravidlá na konštrukciu a montáž výťahov. Prehliadky a skúšky |n Časť 58 |p Skúšanie požiarnej odolnosti šachtových dverí |
| 246 | 1 | 0 | |a Bezpečnostné pravidlá na konštrukciu a montáž výťahov |
| 246 | 1 | 0 | |a Prehliadky a skúšky. Časť 58 |
| 246 | 1 | 0 | |a Skúšanie požiarnej odolnosti šachtových dverí |
| 246 | 3 | 0 | |a EN 81-58: 2022 SK |
| 260 | |a Bratislava |b Úrad pre normalizáciu, metrológiu a skúšobníctvo Slovenskej republiky |c 2023 | ||
| 300 | |a 32 strán |b diagramy, obrázky, schémy, tabuľky, vzorce |c 30 cm | ||
| 500 | |a Súbežný názov v angličtine, francúzštine, nemčine | ||
| 500 | |a Spracovateľ: Rudolf Rypák - Emita, Piešťany | ||
| 500 | |a Táto slovenská technická norma nahrádza anglickú verziu STN EN 81-58 z augusta 2022, ktorá od 1.8.2022 nahradila STN EN 81-58 z februára 2019 v celom rozsahu. STN EN 81-58 z februára 2019 sa môže súbežne s touto STN používať do 31.5.2024 | ||
| 504 | |a Normatívne referenčné dokumenty, súvisiace právne predpisy na strane 2 ; literatúra na strane 32 | ||
| 520 | 8 | |a Táto slovenská technická norma je slovenskou verziou európskej normy EN 81-58: 2022. Preklad zabezpečil Úrad pre normalizáciu, metrológiu a skúšobníctvo Slovenskej republiky. STN EN 81-58 má rovnaké postavenie, ako majú oficiálne verzie | |
| 540 | |a STN vydané na akomkoľvek nosiči sa môžu rozmnožovať a rozširovať iba so súhlasom určenej právnickej osoby |b SÚTN Bratislava |c zákon 60/2018 Z. z. | ||
| 650 | 0 | 7 | |a výťahy |2 SNKPH |9 2778 |
| 650 | 0 | 7 | |a technické normy a štandardy |z Slovensko |2 SNKPH |9 79594 |
| 650 | 0 | 7 | |a technické normy a štandardy |z krajiny Európskej únie |2 SNKPH |9 289341 |
| 650 | 0 | 7 | |a bezpečnosť práce |2 SNKPH |9 1296 |
| 650 | 0 | 7 | |a Industrial safety |2 SNKPHeng |9 267226 |
| 655 | 7 | |a normy |2 SNKPH |9 70643 | |
| 700 | 1 | |a Rypák, Rudolf |4 trl |9 303044 | |
| 710 | 1 | |a Slovensko. |b Úrad pre normalizáciu, metrológiu a skúšobníctvo |4 stn |9 158117 | |
| 710 | 2 | |a Slovenský ústav technickej normalizácie |4 stn |9 32706 | |
| 710 | 2 | |a EMITA (Piešťany, Slovensko) |4 stn |9 166433 | |
| 958 | |a OP | ||
| 958 | |a NB | ||
| 999 | |c 1081865 |d 1083795 | ||
| 952 | |a SNK |b SNK |y PREZ |7 0 |p 17A1537741 |o snkSTN EN 81-58 |i snk2024/6963 |8 0 |0 0 |1 0 |4 0 |d 2024-04-29 |l 0 |r 2026-02-24 16:28:19 |w 2026-02-24 | ||


